000 00426nab a2200145Ia 4500
003 ES-SlBCS
005 20210601133958.0
008 140529s1972 xxu||||| |||| 00| 0 por d
041 _apor
100 1 _aMaldaner, Arno
_9211857
245 0 0 _aProblemas atuais da Universidade Alemá
_c Arno Maldaner
610 2 4 _aUniversidad Alemana
_9159007
773 0 _tSymposium
_gvol. 14, nº. 2, 1972, págs. 99-104
_wRev976
942 _cAR
999 _c605138
_d605138